Entomopathogenic nematodes in biological control / (Record no. 8647)
[ view plain ]
| 000 -LEADER | |
|---|---|
| fixed length control field | 00726nam a22002292 4500 |
| 001 - CONTROL NUMBER | |
| control field | 0000018774 |
| 005 - DATE AND TIME OF LATEST TRANSACTION | |
| control field | 20151217152134.0 |
| 008 - FIXED-LENGTH DATA ELEMENTS--GENERAL INFORMATION | |
| fixed length control field | 100629s xx 000 0 eng d |
| 020 ## - INTERNATIONAL STANDARD BOOK NUMBER | |
| International Standard Book Number | 0849345413 : |
| 040 ## - CATALOGING SOURCE | |
| Original cataloging agency | KABU |
| Transcribing agency | KABU |
| 245 10 - TITLE STATEMENT | |
| Title | Entomopathogenic nematodes in biological control / |
| Statement of responsibility, etc. | editors, Randy Gaugler, Harry K. Kaya. |
| 250 ## - EDITION STATEMENT | |
| Edition statement | 1st ed. |
| 260 ## - PUBLICATION, DISTRIBUTION, ETC. (IMPRINT) | |
| Place of publication, distribution, etc. | Boca Raton : |
| Name of publisher, distributor, etc. | CRC Press, |
| Date of publication, distribution, etc. | 1990. |
| 300 ## - PHYSICAL DESCRIPTION | |
| Extent | 365 p. |
| 650 #0 - SUBJECT ADDED ENTRY--TOPICAL TERM | |
| Topical term or geographic name as entry element | Insect pests |
| General subdivision | Biological control. |
| -- | 0000178158 |
| 650 #0 - SUBJECT ADDED ENTRY--TOPICAL TERM | |
| Topical term or geographic name as entry element | Insect nematodes. |
| -- | 0000178159 |
| 700 1# - ADDED ENTRY--PERSONAL NAME | |
| Personal name | Gaugler, Randy. |
| -- | 0000178160 |
| 700 1# - ADDED ENTRY--PERSONAL NAME | |
| Personal name | Kaya, Harry K. |
| -- | 0000178161 |
| 852 1# - LOCATION | |
| -- | p500 KES |
| 908 ## - PUT COMMAND PARAMETER (RLIN) | |
| Put command parameter | 100629 |
| 950 ## - LOCAL HOLDINGS (RLIN) | |
| -- | 1 |
| Withdrawn status | Lost status | Source of classification or shelving scheme | Not for loan | Home library | Current library | Date acquired | Total Checkouts | Full call number | Barcode | Date last seen | Price effective from | Koha item type |
|---|---|---|---|---|---|---|---|---|---|---|---|---|
| Library of Congress Classification | Kabarak, Main Campus | Kabarak, Main Campus | 17/12/2015 | SB933.34 .E58 1990 c. 1 | 24775 | 17/12/2015 | 17/12/2015 | General Collection |